Συναισθηματική νοημοσύνη και ηγεσία στις ένοπλες δυνάμεις - συναισθηματική νοημοσύνη και βαθμολογική ανέλιξη των στελεχών : διπλωματική εργασία

Αποθηκεύτηκε σε:
Λεπτομέρειες βιβλιογραφικής εγγραφής
Κύριος συγγραφέας: Τάγκαλης, Νικόλαος Κ.
Συγγραφή απο Οργανισμό/Αρχή: Πανεπιστήμιο Αιγαίου Σχολή Επιστημών της Διοίκησης Τμήμα Διοίκησης Επιχειρήσεων Πρόγραμμα Μεταπτυχιακών Σπουδών στη Διοίκηση Επιχειρήσεων - M.B.A
Άλλοι συγγραφείς: Μυλώνη, Βαρβάρα (Εισηγητής διατριβής)
Μορφή: Thesis Βιβλίο
Γλώσσα:Greek
Δημοσίευση: 2013
Θέματα:
Διαθέσιμο Online:http://hdl.handle.net/11610/13627
Ετικέτες: Προσθήκη ετικέτας
Δεν υπάρχουν, Καταχωρήστε ετικέτα πρώτοι!

MARC

LEADER 00000cam a2200000 i 4500
001 1/49599
008 140619s2013 gre d
035 |l 10118021 
040 |a GR-MY-UA  |b gre  |e aacr 
041 0 |a gre 
082 0 |a 658.409  |2 (23) 
100 1 |a Τάγκαλης, Νικόλαος Κ. 
245 1 0 |a Συναισθηματική νοημοσύνη και ηγεσία στις ένοπλες δυνάμεις - συναισθηματική νοημοσύνη και βαθμολογική ανέλιξη των στελεχών :  |b διπλωματική εργασία /  |c Νικόλαος Κ. Τάγκαλης ; επιβλέπουσα καθηγήτρια Βαρβάρα Μυλώνη 
260 |c 2013 
300 |a 152 σ.;  |b διαγρ., πίν.;  |c 30 εκ. 
502 # # |a Διατριβή (μεταπτυχιακή) – Πανεπιστήμιο Αιγαίου, Χίος, 2013. 
504 |a Βιβλιογραφία: σ.142-146 
650 0 0 |a Leadership  |x Psychological aspects. 
650 0 0 |a Emotional intelligence. 
650 0 0 |a Dissertations, Academic  |z Greece. 
651 0 |a Greece  |x Armed Forces. 
700 0 |a Μυλώνη, Βαρβάρα.  |4 ths 
710 1 |a Πανεπιστήμιο Αιγαίου  |b Σχολή Επιστημών της Διοίκησης  |b Τμήμα Διοίκησης Επιχειρήσεων  |b Πρόγραμμα Μεταπτυχιακών Σπουδών στη Διοίκηση Επιχειρήσεων - M.B.A. 
852 |a INST  |b CHIOS  |c DIATR  |e 20140619  |h 658.409 ΤΑΓ  |p 005200037172  |q 005200037172  |t MTXE  |y 23 
852 |a INST  |b CHIOS  |c DIATR  |e 20140619  |h 658.409 ΤΑΓ  |p 005200037173  |q 005200037173  |t MTXE  |y 23 
856 |u http://hdl.handle.net/11610/13627  
901 |a BIBL2-2014-2 
909 |a Χ  |b 179860 
909 |a Χ  |b 179861 
924 |a ΤΑΓΚΑΛΗΣ  |b ΝΙΚΟΛΑΟΣ Κ.  |y ΧΙΟΣ  |z 2013-10 
970 |a ΣΠΕΝΤΖΑ  |b ΕΛΕΝΗ  |z 2014/06/19